000 00233 a2200097 4500
999 _c325878
_d325878
001 90805
003 NUST
082 _a928.1 HAB
100 _aMohammad Habib
_99898
245 _aHazrat Amir Khusrau of Dehli
_cMohammad Habib
942 _aCAE NUST
_cBK
_k928.1 HAB
_2ddc